000 00472nam a2200193Ia 4500
005 20240823044946.0
008 240823s9999||||xx |||||||||||||| ||und||
020 _a1-4054-5383-0
041 _aENGLISH
082 _A611.018 P6
100 _aDavid Latchman
245 0 _aBasic Molecular and Cell Biology
250 _a3rd
260 _c2006
_bI K International Pub.
500 _aYES
650 _aCell Biology
_bBio Medical Engg.
942 _cBK
999 _c213834
_d213834